000
00252nam a2200109Ia 4500
008
220204s9999 xx 000 0 und d
082
_a
82-3
_b
WAL
100
_a
Walteri, Mika
245
4
_a
The Egyptian
260
_a
New York
_b
Berkley
_c
1978
942
_c
BK
999
_c
33506
_d
33506